| 000 | 00411nam a2200121Ia 4500 | ||
|---|---|---|---|
| 008 | 200902s9999 xx 000 0 und d | ||
| 020 | _a978-621-406-199-0 | ||
| 100 | _aCamilar-Serrano, Angelita O. | ||
| 245 |
_cAngelita O. Camilar-Serrano.-- _aMarketing Management / |
||
| 260 |
_aManila : _bMindshapers Co., Inc. _c2019 |
||
| 300 |
_ax , 379 pages : _billustrations ; _c26 cm. |
||
| 650 | _aMarketing -- Management | ||
| 999 |
_c363954 _d363954 |
||